000 00223nam a2200097Ia 4500
008 240331s9999 xx 000 0 und d
082 _bKAM
100 _aKamrava,M
245 0 _aCultural politics in the third world
942 _cL
999 _c2560
_d2560